000 00297nam a2200109Ia 4500
001 1275929
005 20260417160437.0
008 260417s9999 xx 000 0 und d
020 _a9786256495197
245 0 _aHalide Edip Adıvar ve Kahverengi Valiz
_cBüşra Şen Altun
260 _bKetebe Çocuk
999 _c1275929
_d1275929